The noble scholar, jurist, historian


 His Excellency Dr. Abdul Wahhab bin Ibrahim Abu Sulaiman, may Allah have mercy on him.


 He was born in Umm Al-Qura in the year 1356 AH.

تاريخ بخارى منذ أقدم العصور حتى العصر الحاضر / (Record no. 14241)

MARC details
000 -LEADER
fixed length control field 01520cam a22003371i 4500
003 - CONTROL NUMBER IDENTIFIER
control field SA-RiAUC
005 - DATE AND TIME OF LATEST TRANSACTION
control field 20260204141406.0
008 - FIXED-LENGTH DATA ELEMENTS--GENERAL INFORMATION
fixed length control field 260203q19001900xx g b 000 0 ara c
040 ## - CATALOGING SOURCE
Original cataloging agency SA-JeALM
Language of cataloging ara
Transcribing agency SA-RiAUC
Description conventions rda
041 1# - LANGUAGE CODE
Language code of text/sound track or separate title ara
Language code of original hun
043 ## - GEOGRAPHIC AREA CODE
Geographic area code a-uz---
050 #4 - LIBRARY OF CONGRESS CALL NUMBER
Item number .V36125 1850
082 04 - DEWEY DECIMAL CLASSIFICATION NUMBER
Classification number 958.7
Assigning agency SA-RiAUC
090 ## - LOCALLY ASSIGNED LC-TYPE CALL NUMBER (OCLC); LOCAL CALL NUMBER (RLIN)
Classification number (OCLC) (R) ; Classification number, CALL (RLIN) (NR) 958.7
Local cutter number (OCLC) ; Book number/undivided call number, CALL (RLIN) ف ا م
100 1# - MAIN ENTRY--PERSONAL NAME
Personal name فامبري، أرمنيوس،
Dates associated with a name 1832-1913
Relator term مؤلف.
240 10 - UNIFORM TITLE
Uniform title Bokhara története.
Language of a work Arabic
245 10 - TITLE STATEMENT
Title تاريخ بخارى منذ أقدم العصور حتى العصر الحاضر /
Statement of responsibility, etc. تأليف أرمنيوس فامبري ؛ ترجمه وعلق عليه أحمد محمود الساداتي ؛ راجعه وقدم له يحيى الخشاب.
264 #3 - PRODUCTION, PUBLICATION, DISTRIBUTION, MANUFACTURE, AND COPYRIGHT NOTICE
Place of production, publication, distribution, manufacture [مكان الطبع غير محدد] :
Name of producer, publisher, distributor, manufacturer مطابع شركة الإعلانات الشرقية
Date of production, publication, distribution, manufacture, or copyright notice [بين 1900 و1999]
300 ## - PHYSICAL DESCRIPTION
Extent 499 صفحة ؛
Dimensions 24 سم.
336 ## - CONTENT TYPE
Content type term نص
Content type code txt
Source rdacontent
Materials specified كتاب
337 ## - MEDIA TYPE
Media type term بدون وسيط
Media type code n
Source rdamedia
338 ## - CARRIER TYPE
Carrier type term مجلد
Carrier type code nc
Source rdacarrier
504 ## - BIBLIOGRAPHY, ETC. NOTE
Bibliography, etc. note يشتمل على إرجاعات ببليوجرافية.
651 #7 - SUBJECT ADDED ENTRY--GEOGRAPHIC NAME
Geographic name بخارى (أوزبكستان)
General subdivision تاريخ
Source of heading or term aucsh
653 ## - INDEX TERM--UNCONTROLLED
Uncontrolled term التاريخ
700 1# - ADDED ENTRY--PERSONAL NAME
Personal name الساداتي، أحمد محمود
Relator term مترجم.
700 1# - ADDED ENTRY--PERSONAL NAME
Personal name الخشاب، يحيى،
Dates associated with a name ولد 1909
Relator term مراجع.
700 12 - ADDED ENTRY--PERSONAL NAME
Relationship information ترجمة لـ :
Personal name فامبري، أرمين،
Dates associated with a name 1832-1913.
Title of a work Bokhara története
942 ## - ADDED ENTRY ELEMENTS (KOHA)
Source of classification or shelving scheme Dewey Decimal Classification
Koha item type Books
Suppress in OPAC No
949 ## - LOCAL PROCESSING INFORMATION (OCLC)
a SA-JeALM
d 260203
u osman123
n 1
Holdings
Withdrawn status Lost status Source of classification or shelving scheme Damaged status Not for loan Home library Current library Date acquired Total checkouts Full call number Barcode Date last seen Price effective from Koha item type
    Dewey Decimal Classification     DR AbdElwahab Library DR AbdElwahab Library 02/04/2026   958.7 ف ا م 000002284 02/04/2026 02/04/2026 Books